SpongeBob or Patrick? Quiz Stats

 Plays Quiz Updated Mar 19, 2020

Support Sporcle.
Go Orange.
Score 0/20 Timer 04:00
6 Plays Today
Quote S or P? % Correct
The most important meal of the day, serving it up Gary's way, YEAH!???
85.1%
I call this one the 'Campfire Song Song.'???
83.9%
Is mayonnaise an instrument????
79.8%
There it is, the finest eating establishment ever established for eating.???
78.2%
C'mon, you know. I wumbo, you wumbo, he, she, me, wumbo... ???
75.8%
Sandy's a girl????
75.3%
Once there was an ugly barnacle. He was so ugly that everyone died. The End.???
73.4%
Good people don't rip other people's arms off.???
70.2%
I can underwater. I'm HYDRODYNAMICALLY DESIGNED!???
69.3%
OW! I burned my hand... at night!???
69.1%
Quote S or P? % Correct
Can we say that plants from Texas are dumb????
67.4%
You don't need a license to drive a sandwich.???
66.8%
That's not disturbing, THIS is disturbing.???
65.7%
Are you Squidward now????
64.2%
FIRMLY GRASP IT!???
63.4%
Did you ever notice how big squirrels’ teeth are????
62.7%
Dumb people are always so blissfully unaware of how dumb they really are.???
61.9%
A pie? Oh, you mean this pie. I was saving it in my pocket for us to share.???
61.6%
Am I a pretty girl????
60.4%
The sky had a baby from my cereal box!???
50.2%

From the Vault

Glacier Countries

by SporcleEXP

No matter how you pronounce the word, Glaciers are really something special.
Remove Ads.
Support Sporcle.
Get the best of Sporcle when you Go Orange. This ad-free experience offers more features, more stats, and more fun while also helping to support Sporcle. Thank you for becoming a member.

Show Comments

Extras

Top Quizzes Today


Score Distribution

Your Account Isn't Verified!

In order to create a playlist on Sporcle, you need to verify the email address you used during registration. Go to your Sporcle Settings to finish the process.

Report this User

Report this user for behavior that violates our Community Guidelines.

Details: